Speaking through silence : a study of female empowerment in selected works of Susan Glaspell /
محفوظ في:
| المؤلف الرئيسي: | |
|---|---|
| التنسيق: | أطروحة كتاب |
| اللغة: | English |
| منشور في: |
2011.
|
| الموضوعات: | |
| الوسوم: |
إضافة وسم
لا توجد وسوم, كن أول من يضع وسما على هذه التسجيلة!
|
| LEADER | 00954cam a2200241 a 4500 | ||
|---|---|---|---|
| 001 | u844033 | ||
| 003 | SIRSI | ||
| 005 | 201111151130 | ||
| 008 | 111115s2011 my a t 000 0 eng m | ||
| 040 | |a UMM | ||
| 090 | |a PR13 |b UM 2011 Lou | ||
| 100 | 1 | |a Louis, Saleen Mary. | |
| 245 | 1 | 0 | |a Speaking through silence : |b a study of female empowerment in selected works of Susan Glaspell / |c Saleen Mary Louis. |
| 260 | |c 2011. | ||
| 502 | |a Dissertation (M.A.) -- Jabatan Inggeris, Fakulti Sastera dan Sains Sosial, Universiti Malaya, 2011. | ||
| 504 | |a Bibliography: leaves 111-118. | ||
| 600 | 1 | 0 | |a Glaspell, Susan, |d 1876-1948 |x Criticism and interpretation. |
| 650 | 0 | |a Women in development. | |
| 650 | 0 | |a Identity (Philosophical concept) in literature. | |
| 710 | 2 | |a Universiti Malaya. |b Jabatan Inggeris. | |
| 900 | |a NHS | ||
| 596 | |a 1 | ||
| 999 | |a PR13 UM 2011 LOU |w LC |c 1 |i A514879035 |d 3/5/2021 |e 3/5/2021 |f 31/10/2012 |g 1 |l STACKS |m P01UTAMA |n 2 |r Y |s Y |t TESIS |u 30/10/2012 | ||
